Straight Shot to Boston - Statistics

General Stats
  • This quiz has been taken 30 times
  • The average score is 9 of 13
Answer Stats
Country % Correct
Canada
92%
Morocco
88%
Portugal
85%
Spain (Canary Islands)
85%
Gambia
77%
Mauritania
73%
Senegal
73%
Guinea Bissau
65%
South Africa
65%
Namibia
62%
Sierra Leone
62%
Angola
58%
Cape Verde
58%
No matching quizzes found
Score Distribution
Percent of People with Each Score
Percentile by Number Answered
Your Score History
You have not taken this quiz